| 000 | 02157nam0a2200373 i 4500 | ||
|---|---|---|---|
| 001 | RU\NLR\BIBL_A\011098063 | ||
| 005 | 20260405191801.0 | ||
| 010 |
_a9785991404822 _9500 |
||
| 021 |
_aRU _b2016-21005 _91331 |
||
| 035 | _a(NILC)RuMoRGB-008248998 | ||
| 035 | _a(NLR Aleph) 011098063 | ||
| 090 |
_a11404100 _c11404100 |
||
| 100 | _a20160407d2015 k y0rusy50 ca | ||
| 101 | 0 | _arus | |
| 102 | _aRU | ||
| 105 | _aa|||z|||000yy | ||
| 200 | 1 |
_aМетоды расчета и опытные испытания новых центробежных устройств по переработке твердых дисперсных сред _eмонография _fА.И. Зайцев, А.Б. Капранова, А.Е. Лебедев _gМ-во образования и науки Рос. Федерации, Федер. гос. бюджет. образоват. учреждение высш. проф. образования "Яросл. гос. техн. ун-т" |
|
| 210 |
_aЯрославль _cИздательский дом ЯГТУ _d2015 |
||
| 215 |
_a123, [1] с. _cил., цв. ил. _d20 |
||
| 320 | _aБиблиогр.: с. 116-124 (96 назв.) и в тексте | ||
| 606 |
_aСмесители сыпучих материалов _91647395 _3RU\NLR\AUTH\661027405 |
||
| 606 |
_aПорошкообразные материалы _xУплотнение _91946732 _3RU\NLR\AUTH\66890110 |
||
| 606 | 1 |
_aХимическая аппаратура центробежная _91080875 _3RU\NLR\AUTH\66422440 |
|
| 686 | _aЛ111.33-51 | ||
| 686 | 1 | _aЖ685 | |
| 700 | 1 |
_8rus _7ca _aЗайцев _bА. И. _cд-р техн. наук, теорет. механика _gАнатолий Иванович _3RU\NLR\AUTH\7754682 _937614 |
|
| 701 | 1 |
_8rus _7ca _aКапранова _bА. Б. _gАнна Борисовна _3RU\NLR\AUTH\7783762 _966690 |
|
| 701 | 1 |
_aЛебедев _bА. Е. _cд-р техн. наук _gАнтон Евгеньевич _9131526 _3RU\NLR\AUTH\770131560 |
|
| 801 | 0 |
_aRU _bРГБ _c20160318 _gRCR |
|
| 801 | 1 |
_aRU _bРГБ _c20160318 _2rusmarc |
|
| 942 | _cBOOK | ||
| 980 | _aNBR | ||